| 000 | 00544nam a22001937a 4500 | ||
|---|---|---|---|
| 999 |
_c182670 _d182670 |
||
| 005 | 20211201124358.0 | ||
| 010 | _aENG-130153 | ||
| 020 |
_a978-93-5009-758-8 _c299.00 |
||
| 035 | _aEN-113685 | ||
| 037 | _bDBAD/PUB | ||
| 082 | _aS | ||
| 100 | _aRay, Sandip. | ||
| 245 |
_aRAMAYANA FOR YOUNG READERS _cSANDIP RAY |
||
| 250 | _a2013 | ||
| 260 |
_aGurugram _bHachette Book Publishing India Pvt. Ltd _c2020 |
||
| 270 |
_a4th & 5th Floors, Corporate Centre _bGurugram _e122003 |
||
| 300 |
_avii,197p. _c18cm (hbk) |
||
| 942 |
_2ddc _cEN _hS _mSAN |
||